La biblia en el diálogo interconfesional

Gardado en:
Detalles Bibliográficos
Main Authors: Cullmann, Oscar (Author), Karrer, Otto (Author)
Formato: Libro
Idioma:Lingua castelá
Publicado: Salamanca Sígueme 1968
Series:Diálogo, 13
Subjects:
Tags: Engadir etiqueta
Sen Etiquetas, Sexa o primeiro en etiquetar este rexistro!

MARC

LEADER 00000nam a2200000 a 4500
001 UCR1878
003 CL-VaPUC
008 971219e19680000SP |||||||||||||||||spa|d
082 0 4 |a 220  |b CUL  |2 21 
100 |a Cullmann, Oscar  |e author  |9 399422 
700 |a Karrer, Otto  |e author  |9 476851 
245 1 3 |a La biblia en el diálogo interconfesional 
300 |a 123 p 
942 |c BK 
945 |d 19971219 00:00:00  |a rleighto 
260 |a Salamanca  |b Sígueme  |c 1968 
600 0 |a Dios  |9 314467 
650 0 |a Biblia  |9 257603 
650 7 |a DONES ESPIRITUALES  |2 CL-VaPUC  |9 313346 
650 0 |a Iglesia   |9 255004 
650 0 |a Religión   |9 255164 
650 0 |a Cristianismo  |9 257361 
583 |a last modification  |c 19971219 00:00:00  |k Rodrigo Vera 
490 0 |a Diálogo, 13 
999 |c 265220  |d 265218 
952 |0 0  |1 2  |4 0  |6 220_000000000000000_CUL_1968  |7 0  |8 A  |9 296063  |a BIBTEO  |b BIBTEO  |d 2019-11-20  |i 3369013  |o 220 CUL 1968  |p 3369013  |r 2019-11-20  |w 2019-11-20  |x Descarte 2019  |y BK  |k ICR